Statistics for Biggest Cities in South Carolina on a Map

Click here to take the quiz!

General Stats

  • This quiz has been taken 408 times
  • The average score is 8 of 10

Answers on the Map

Answers color-coded by a green-red scale on the quiz's map according to % correct below.
 

Answer Stats

PopulationCity% Correct
136,208Charleston
98%
133,451Columbia
98%
68,563Greenville
90%
33,908Myrtle Beach
88%
113,237North Charleston
81%
37,644Spartanburg
75%
74,309Rock Hill
70%
37,625Florence
64%
39,656Sumter
56%
42,841Goose Creek
37%

Score Distribution

Percentile by Number Answered

Percent of People with Each Score

Your Score History

You have not taken this quiz